书目信息 |
| 题名: |
计算机基础教程Windows XP与Office XP
|
|
| 作者: | 林卓然 编著 | |
| 分册: | ||
| 出版信息: | 北京 人民邮电出版社 2004.6重印 |
|
| 页数: | 323页 | |
| 开本: | 26cm | |
| 丛书名: | ||
| 单 册: | ||
| 中图分类: | TP316.86-43 , TP317.1-43 | |
| 科图分类: | ||
| 主题词: | 软件包--ruan jian bao--高等学校--教材 , 窗口软件--chuang kou ruan jian , 窗口软件--chuang kou ruan jian--高等学校--教材 , 软件包--ruan jian bao | |
| 电子资源: | ||
| ISBN: | 7-115-12257-1 | |
| 000 | 01159nam0 2200325 450 | |
| 001 | CAL 012006090069 | |
| 005 | 20061030095609.96 | |
| 010 | @a7-115-12257-1@dCNY28.00 | |
| 099 | @aCAL 012006090069 | |
| 100 | @a20060918e2004 em y0chiy0120 ea | |
| 101 | 0 | @achi |
| 102 | @aCN@b110000 | |
| 105 | @ay z 000yy | |
| 200 | 1 | @a计算机基础教程Windows XP与Office XP@Aji suan ji ji chu jiao cheng Windows XP yu Office XP@f林卓然编著 |
| 205 | @a2版@b修订本 | |
| 210 | @a北京@c人民邮电出版社@d2004.6重印 | |
| 215 | @a323页@d26cm | |
| 300 | @a高等学校计算机教材 | |
| 330 | @a本书主要内容包括: 计算机基础知识, 计算机操作系统Windows XP, 文字处理系统Word 2002, 电子表格软件Excel 2002, 演示文稿制作软件PowerPoint 2002等知识。 | |
| 333 | @a阅读对象: 高校师生 | |
| 606 | 0 | @a软件包@Aruan jian bao@x高等学校@j教材 |
| 606 | 0 | @a窗口软件@Achuang kou ruan jian |
| 606 | 0 | @a窗口软件@Achuang kou ruan jian@x高等学校@j教材 |
| 606 | 0 | @a软件包@Aruan jian bao |
| 610 | 0 | @aWindows XP@aOffice XP |
| 690 | @aTP316.86-43@v4 | |
| 690 | @aTP317.1-43@v4 | |
| 701 | 0 | @a林卓然@Alin zhuo ran@4编著 |
| 801 | 0 | @aCN@c20061030 |
| 905 | @apdsgxy@dTP316.86-43@eL547 | |
| 计算机基础教程Windows XP与Office XP/林卓然编著.-2版,修订本.-北京:人民邮电出版社,2004.6重印 |
| 323页;26cm |
| 高等学校计算机教材.-使用对象:阅读对象: 高校师生 |
| ISBN 7-115-12257-1:CNY28.00 |
| 本书主要内容包括: 计算机基础知识, 计算机操作系统Windows XP, 文字处理系统Word 2002, 电子表格软件Excel 2002, 演示文稿制作软件PowerPoint 2002等知识。 |
| ● |
| 相关链接 |
|
|
|
正题名:计算机基础教程Windows XP与Office XP
索取号:TP316.86-43/L547
 
预约/预借
| 序号 | 登录号 | 条形码 | 馆藏地/架位号 | 状态 | 备注 |
| 1 | 634802 | 206348022 | 自科库301/404自科库 15排2列1层/ [索取号:TP316.86-43/L547] | 在馆 | |
| 2 | 634803 | 206348031 | 自科库301/301自科库 59排1列5层/ [索取号:TP316.86-43/L547] | 在馆 | |
| 3 | 634804 | 206348040 | 自科库301/301自科库 59排1列5层/ [索取号:TP316.86-43/L547] | 在馆 |